000 00637nam a2200277Ia 4500
005 20260324123759.0
008 008 260324s9999 xx 000 0 eng d
020 _a9780203129685
037 _aEBOOK
040 _aCRL
040 _beng
040 _cCRL
041 _2eng
041 _aeng
084 _qCRL
100 _aJulie E. Margret
_91171621
245 0 _aSolvency in Financial Accounting
260 _bTaylor and Francis
260 _c2011
365 _a
365 _b265
856 _uhttp://www.taylorfrancis.com/books/9780203129685
942 _cEBOOK
999 _c1765436
_d1765436